Operations management principles of operations management

Enregistré dans:
Détails bibliographiques
Auteur principal: Heizer, Jay
Autres auteurs: Render, Barry
Format: Livre
Langue:anglais
Publié: Upper Saddle River, N.J. Pearson/Prentice Hall 2004
Édition:7th ed.
Sujets:
Tags: Ajouter un tag
Pas de tags, Soyez le premier à ajouter un tag!

MARC

LEADER 00000nam$a2200000$$$4500
001 0047931
005 20191211125220.8
020 |a 0-13-101943-0 
041 0 |a eng 
044 |a US 
245 1 0 |a Operations management  |b principles of operations management  |c Jay Heizer, Barry Render 
250 |a 7th ed. 
264 1 |a Upper Saddle River, N.J.  |b Pearson/Prentice Hall  |c 2004 
300 |a CD-ROM 
610 2 0 |a manažment 
610 2 0 |a projekty 
610 2 0 |a prognózy 
610 2 0 |a tovar 
610 2 0 |a služby 
610 2 0 |a riadenie kvality 
610 2 0 |a kontrola 
610 2 0 |a plánovanie 
610 2 0 |a zdroje ľudské 
610 2 0 |a riadenie operatívne 
610 2 0 |a produkcia 
610 2 0 |a programovanie lineárne 
610 2 0 |a modely 
610 2 0 |a simulácia 
610 2 0 |a štatistika 
100 1 |a Heizer, Jay 
700 1 |a Render, Barry